000 00335nam a2200145Ia 4500
008 230718s9999 xx 000 0 und d
041 _aEng.
082 _a340
_bSAE-P
100 _aSaeed, Malik. M (ed)
245 0 _aP. L. D. (1987)
260 _aPakistan
_bAll Palastan legal
_c1886
300 _a257
650 _aLaw
999 _c27034
_d27034